000 00485nam a2200181Ia 4500
008 240925s9999 xx 000 0 und d
020 _a582440688
082 _a515.352 INC
100 _aInce, E.L.
245 4 _aThe Solution of Ordinary Differential Equations
250 _a1st
260 _aSingapore:
_bLongman Group
_c,1987.
300 _aviii,164p.
_bNA
_fOriginal
500 _aIncludes Index
600 _aHumanities & Natural Science
650 _aMathematics
942 _cBK
999 _c3197
_d3197